|
|
|
|
| LEADER |
00914nam a2200241 a 4500 |
| 001 |
4924639 |
| 008 |
110731s1996 nyu b 001 0 eng |
| 010 |
|
|
|a 95016122
|
| 020 |
|
|
|a 0195096819 (cloth : alk. paper)
|
| 040 |
|
|
|a DLC
|c DLC
|d DLC
|d BD-DhAAL
|
| 082 |
0 |
0 |
|a 170
|2 20
|
| 245 |
0 |
0 |
|a Moral dilemmas and moral theory /
|c edited by H.E. Mason.
|
| 260 |
|
|
|a New York :
|b Oxford University Press,
|c 1996.
|
| 300 |
|
|
|a 246 p. ;
|c 25 cm.
|
| 504 |
|
|
|a Includes bibliographical references (p. 237-241) and index.
|
| 541 |
|
|
|e 00023271
|
| 650 |
|
0 |
|a Ethics.
|
| 650 |
|
0 |
|a Dilemma.
|
| 650 |
|
0 |
|a Decision making
|x Moral and ethical aspects.
|
| 700 |
1 |
|
|a Mason, H. E.
|
| 852 |
1 |
|
|a Ayesha Abed Library
|c General Shelf.
|
| 999 |
|
|
|c 11157
|d 11157
|
| 952 |
|
|
|0 0
|1 0
|2 ddc
|4 0
|6 170_MOR
|7 0
|9 17708
|a BRACUL
|b BRACUL
|c GEN
|d 2011-07-26
|e Development Book Agency
|g 4494.00
|l 5
|m 1
|o 170 MOR
|p 3010023271
|r 2025-11-16
|s 2025-11-11
|t 1
|w 2011-08-01
|y BK
|